00894nam a2200193 a 4500999001500000003000400015005001700019008003900036016001900075040001400094100002500108245024700133260008300380300002600463650004600489710004000535942001600575952010900591 c7604d7604OSt20260515062531.0A00321s1972 sp 000 spa aDL M16195-1972 bcatcCDMR1 aBenito, Ángel963110aInformación, integración social y libertad: [Conferencia en el XXV curso, organizado por la Escuela Oficial de Periodismo de Madrid, en la Universidad Internacional Menéndez Pelayo de Santander, julio 1971] / cpor Ángel Benito Jaén aMadrid : bPublicaciones de la Secretaría de la Escuela de Periodismo,c1972 a20 pàginesc; 22 cm00aLlibertat d'impremta94150zEspanyay19712 aEscuela Oficial de Periodismo92816 2udccFULLET 00104070aCDMRbCDMRd2021-12-27eDonaciól0oBc EOP/4pCDMR21120135r2021-12-27w2021-12-27yFULLET